White 2115 - rozpoznaj po tekście - Statystyki

Ogólne statystyki
  • Ten quiz został rozwiązany 360 razy
  • Średni wynik to 9 z 16
Statystyki odpowiedzi
Hint Odpowiedź % Poprawnych
"Na wodzie widzę słońce, jeszcze pięć minut stary No bo jeszcze nie dorosłem" California
87%
"Żyję jak Rockstar, kapitan, ale nie Morgan
Jak łycha pijemy do dna
Na vipach to nie ma końca, bo znowu trasa i koncert
W dziwnych czasach nam dojrzeć przyszło"
Morgan
77%
"Hej, sorry, że tak długo, lecz tak wyszło Od zera do setki się zbierałem jak Fred Flintstone Przez dwa lata oglądałem bajki i nic No bo tak bardzo chciałem znowu małym dzieciakiem być" 18
75%
"Spędziłem trzy lata w klasie C dalej latam w klasie C Tylko tym razem w AMG i tak przykładem stałem się" RiRi
75%
"Chodź, to ci pokaże jak wygląda milion w setkach Albo jak smakują moje usta, gdy do setki nas rozpędzam" Easy rider
70%
"VVS na mnie, jak na moich kontach (kontach, kontach, kontach) Wywijam parkiet jak młody Travolta (travolta, 'volta, 'volta) One nie chcą chłopca, one wolą bożka Drogie domy, no, i nowych doznań Drogich ubrań, no, i mody posmak (och-och-och-och)" Mogę dziś umierać
57%
"No-noc jest młoda, więc chodź mi polać, drinki w kolorze zorza Młoda, chodź mi podać jointy w kolorze Yoda (okay, let's get it)" Booker
56%
"Przelew dzwoni, robi kwit się Znów telefon dzwoni to jest pilne Robię muzę mój menago robi biznes Żeby jeden no i drugi miał se wille" Rockstar
53%
"Po co mi hajs? Bez Ciebie całe życie traci smak Bez Ciebie całe życie traci sens" Spadająca gwiazda
52%
"I dzwoni do mnie menago Mówi że przelewa siano Nie wiem co będę miał za rok Ale wiem co będę miał dziś" Cry Baby
48%
"Tera baw się - ja pier**le w końcu są wakacje Będę pił, ale w tym roku nie dotyczy kac mnie" Traproom
46%
"Się nie chwalę chwilą nie mam na to czasu Jak się dzieją dobre rzeczy nie używam aparatu Przez to konta nie mam najmodniejszego wśród Instagramów Za to auto co szybko się zbiera od zera do blatu (wrum, wrum)" Pałac
45%
"Jedyne co w życiu znałem, to był tylko trap-life Wtedy byłem smarkacz, Ty serio całkiem zabawna Jak mówiłaś, że jesteś z innej planety tak jak Andy Kaufman" Porsche
45%
"Wracam do domu chcę mieć spokój Nie odbieram telefonu, nie chcę mieć nikogo wokół Pozdrawiam moją mamę, moich ludzi, moich ziomów no i nie pozdrawiam wrogów" Trzy Butelki
41%
"Pijemy znowu do rana żeby nie pamiętać co było, więc wyłącz aparat Nie znam flamenco i nie znam tanga Tańczę muzykę co diabeł mi zagra Chcę przeżyć wszystko żeby wiedzieć jakie życie mi smak da" Anioł stróż
34%
"Mam na ciele parę dziarek Trochę biżuterii oraz wiele fanek Jak ci mówiłem że cię kocham to kłamałem Kocham tylko dwie kobiety narzeczoną oraz mamę" Nic na pokaz
31%
Nie znaleziono quizów pasujących do podanych kryteriów
Rozkład punktacji
Procent ludzi z każdym wynikiem
Percentyl według liczby udzielonych odpowiedzi
Twoja historia wyników
Nie rozwiązałeś tego quizu